| 000 | 02164cam a2200313 4500500 | ||
|---|---|---|---|
| 005 | 20260111150106.0 | ||
| 041 | _afre | ||
| 042 | _adc | ||
| 100 | 1 | 0 |
_aTokarska-Bakir, Joanna _eauthor |
| 700 | 1 | 0 |
_aMuller, Sylvie _eauthor |
| 245 | 0 | 0 | _aDes racines mythiques de l'antisémitisme : le meurtre rituel juif |
| 260 | _c2010. | ||
| 500 | _a41 | ||
| 520 | _aRésuméFondé sur un travail de terrain conduit dans la région de Sandomierz, cet article traite de la persistance du mythe du meurtre rituel d’enfants chrétiens par des juifs dans plusieurs régions de Pologne. En s’appuyant sur la Morphologie du conte de Vladimir Propp, il met en lumière le concept structurel de récits mythiques qui se fondent sur l’idée d’une rivalité imaginaire entre juifs et chrétiens pour le corpus Christi, conçu dans la lignée des anciennes mythologies indo-européennes comme un « nectar d’immortalité ». | ||
| 520 | _aThis paper concerns the long-lasting persistence of the Jewish ritual murder myth in some provincial areas of Poland. It is based on ethnographic field research carried out in Sandomierz land. The article drafts a structural concept of the myth at issue, referring to Vladimir Propp’s Morphology of the Folktale. | ||
| 520 | _aZusammenfassungDer Artikel beschäftigt sich mit dem Fortbestehen des Mythos vom jüdischen Ritualmord in mehreren Regionen Polens. Aufbauend auf einer in der Region Sandormierz durchgeführten Feldforschung, beleuchtet der Artikel vor dem Hintergrund der Morphologischen respektive Strukturalistischen Folkloristik nach Vladimir Propp, Konzept und Struktur des vorherrschenden Mythos. | ||
| 690 | _aaccusations de meurtre rituel | ||
| 690 | _aantijudaïsme | ||
| 690 | _aantisémitisme | ||
| 690 | _aPologne | ||
| 690 | _areligion populaire | ||
| 690 | _aanti-judaism | ||
| 690 | _aanti-semitism | ||
| 690 | _ablood-libel legends | ||
| 690 | _afolk religion | ||
| 690 | _aPoland | ||
| 786 | 0 | _nEthnologie française | 40 | 2 | 2010-03-11 | p. 305-313 | 0046-2616 | |
| 856 | 4 | 1 | _uhttps://shs.cairn.info/revue-ethnologie-francaise-2010-2-page-305?lang=fr&redirect-ssocas=7080 |
| 999 |
_c1636983 _d1636983 |
||